Business Studies-XII (Record no. 2753)
[ view plain ]
| 000 -LEADER | |
|---|---|
| fixed length control field | 00228nam a22000857a 4500 |
| 008 - FIXED-LENGTH DATA ELEMENTS--GENERAL INFORMATION | |
| fixed length control field | 160810b xxu||||| |||| 00| 0 eng d |
| 100 ## - MAIN ENTRY--PERSONAL NAME | |
| 9 (RLIN) | 100 |
| Personal name | Siddiqui S A |
| 245 ## - TITLE STATEMENT | |
| Title | Business Studies-XII |
| 260 ## - PUBLICATION, DISTRIBUTION, ETC. (IMPRINT) | |
| Place of publication, distribution, etc. | New Delhi |
| Name of publisher, distributor, etc. | Laxmi Publication |
| Date of publication, distribution, etc. | 2008 |
| Withdrawn status | Lost status | Source of classification or shelving scheme | Damaged status | Koha normalized classification for sorting | Not for loan | Home library | Current library | Shelving location | Date acquired | Total Checkouts | Full call number | Barcode | Date last seen | Date last checked out | Price effective from | Koha item type |
|---|---|---|---|---|---|---|---|---|---|---|---|---|---|---|---|---|
| Dewey Decimal Classification | 174_000000000000000 | Good Samaritan School Library | Good Samaritan School Library | Business Studies | 08/10/2016 | 2 | 174 | SID7358 | 07/29/2017 | 01/31/2017 | 08/10/2016 | BOOK |